banner-ar

HENRY MORE AND THE SCIENTIFIC REVOLUTION / (Record no. 13600)

MARC details
000 -الفاتح
حقل البيانات ثابتة الطول 00528nam a2200193Ia 4500
008 - عناصر البيانات ثابتة الطول - معلومات عامة
حقل البيانات ثابتة الطول 140319s9999 xx 000 0 eng d
040 ## - مصدر الفهرسة
وكالة الفهرسة الأصلية GCL /
وكالة النسخ GCL
082 04 - رقم تصنيف ديوى العشرى
رقم التصنيف 741.2092
رقم المادة H H
100 1# - المدخل الرئيسى - إسم شخصى
الإسم الشخصى HALL, A.RUPER
245 10 - بيان العنوان
العنوان HENRY MORE AND THE SCIENTIFIC REVOLUTION /
بيان المسئوليه,etc HALL, A.RUPER
260 ## - PUBLICATION, DISTRIBUTION, ETC. (IMPRINT)
تاريخ النشر أو التوزيع 1996
300 ## - الوصف المادى
التعداد 304 P
650 04 - المدخل الاضافى بالموضوع-مصطلح موضوعى
مصطلح موضوعي PHILOSOPHERS
650 04 - المدخل الاضافى بالموضوع-مصطلح موضوعى
مصطلح موضوعي HENRY MORE, 1614 - 1687
650 04 - المدخل الاضافى بالموضوع-مصطلح موضوعى
مصطلح موضوعي PLATONISM
650 04 - المدخل الاضافى بالموضوع-مصطلح موضوعى
مصطلح موضوعي PLATONISTS - ENGLAND
942 ## - عناصر المدخل الإضافي( كوها)
مصدر التصنيف او مخطط الترفيف Dewey Decimal Classification
Koha [default] item type كتاب
260 ## - PUBLICATION, DISTRIBUTION, ETC. (IMPRINT)
-- [S.N] :
-- CAMBRIDGE UNIVERSITY PRESS ،
Holdings
حالة التراجع حالة الفقد حالة تلف ليس للاعارة المكان المؤقت الموقع الحالى تاريخ الاكتساب اجمالي اﻻعارات رقم الطلب الباركود تاريخ اخر مشاهدة تاريخ تفعيل السعر نوع وعاء كوها
        مكتبة القاهرة الكبرى مكتبة القاهرة الكبرى 03/26/2014   741.2092\H H 25944 03/26/2014 03/26/2014 كتاب

Powered By

EGPV